The noble scholar, jurist, historian


 His Excellency Dr. Abdul Wahhab bin Ibrahim Abu Sulaiman, may Allah have mercy on him.


 He was born in Umm Al-Qura in the year 1356 AH.

كتاب حجة الله على خليقته في بيان حقيقة القرآن وحكم كتابته وترجمته / (Record no. 14068)

MARC details
000 -LEADER
fixed length control field 01152cam a2200265 i 4500
003 - CONTROL NUMBER IDENTIFIER
control field SA-RiAUC
005 - DATE AND TIME OF LATEST TRANSACTION
control field 20260114140221.0
008 - FIXED-LENGTH DATA ELEMENTS--GENERAL INFORMATION
fixed length control field 260105s1932 ua g 00000 ara c
040 ## - CATALOGING SOURCE
Original cataloging agency SA-RiKSU
Language of cataloging ara
Transcribing agency SA-RiAUC
Description conventions rda
082 04 - DEWEY DECIMAL CLASSIFICATION NUMBER
Classification number 229
090 ## - LOCALLY ASSIGNED LC-TYPE CALL NUMBER (OCLC); LOCAL CALL NUMBER (RLIN)
Classification number (OCLC) (R) ; Classification number, CALL (RLIN) (NR) م ن 229
Local cutter number (OCLC) ; Book number/undivided call number, CALL (RLIN) م ح م
100 0# - MAIN ENTRY--PERSONAL NAME
Personal name محمد بخيت بن حسين المطيعي،
Dates associated with a name 1271-1354 هجري
Relator term مؤلف.
245 10 - TITLE STATEMENT
Title كتاب حجة الله على خليقته في بيان حقيقة القرآن وحكم كتابته وترجمته /
Statement of responsibility, etc. محمد بخيت المطيعي.
246 30 - VARYING FORM OF TITLE
Title proper/short title حجة الله على خليقته في بيان حقيقة القرآن وحكم كتابته وترجمته
264 #1 - PRODUCTION, PUBLICATION, DISTRIBUTION, MANUFACTURE, AND COPYRIGHT NOTICE
Place of production, publication, distribution, manufacture القاهرة :
Name of producer, publisher, distributor, manufacturer جمعية الأزهر العلمية،
Date of production, publication, distribution, manufacture, or copyright notice 1932
300 ## - PHYSICAL DESCRIPTION
Extent 64 صفحة؛
Dimensions 29 سم.
336 ## - CONTENT TYPE
Content type term نص
Content type code txt
Source rdacontent
Materials specified كتاب
337 ## - MEDIA TYPE
Media type term بدون وسيط
Media type code n
Source rdamedia
338 ## - CARRIER TYPE
Carrier type term مجلد
Carrier type code nc
Source rdacarrier
630 27 - SUBJECT ADDED ENTRY--UNIFORM TITLE
Uniform title القرآن
General subdivision مباحث عامة
Source of heading or term aucut
630 27 - SUBJECT ADDED ENTRY--UNIFORM TITLE
Uniform title القرآن
General subdivision علوم
Source of heading or term aucut
630 #7 - SUBJECT ADDED ENTRY--UNIFORM TITLE
Uniform title القرآن
General subdivision ترجمة
Source of heading or term aucut
942 ## - ADDED ENTRY ELEMENTS (KOHA)
Source of classification or shelving scheme Dewey Decimal Classification
Koha item type كتاب مصور نادر
Suppress in OPAC No
949 ## - LOCAL PROCESSING INFORMATION (OCLC)
a SA-JeALM
d 260105
u mohamedma123
n 1
Holdings
Withdrawn status Lost status Source of classification or shelving scheme Damaged status Not for loan Home library Current library Date acquired Total checkouts Full call number Barcode Date last seen Price effective from Koha item type
    Dewey Decimal Classification     DR AbdElwahab Library DR AbdElwahab Library 01/14/2026   م ن 229 م ح م 000022481 01/14/2026 01/14/2026 كتاب مصور نادر